Metallica Members - Statistics

General Stats
  • This quiz has been taken 2,294 times
  • The average score is 6 of 8
Answer Stats
Hint Answer % Correct
Vocals James Hetfield
96%
Drum Lars Ulrich
93%
Bass Cliff Burton
81%
Lead Kirk Hammett
81%
Lead Dave Mustaine
72%
Bass Jason Newsted
64%
Bass Robert Trujillo
60%
Bass Ron McGovney
29%
No matching quizzes found
Score Distribution
Percent of People with Each Score
Percentile by Number Answered
Your Score History
You have not taken this quiz